<?xml version="1.0" encoding="UTF-8"?><?xml-stylesheet type="text/xsl" href="static/style.xsl"?><OAI-PMH xmlns="http://www.openarchives.org/OAI/2.0/" xmlns:xsi="http://www.w3.org/2001/XMLSchema-instance" xsi:schemaLocation="http://www.openarchives.org/OAI/2.0/ http://www.openarchives.org/OAI/2.0/OAI-PMH.xsd"><responseDate>2026-04-18T01:19:26Z</responseDate><request verb="GetRecord" identifier="oai:www.recercat.cat:10230/57515" metadataPrefix="marc">https://recercat.cat/oai/request</request><GetRecord><record><header><identifier>oai:recercat.cat:10230/57515</identifier><datestamp>2025-12-24T08:39:31Z</datestamp><setSpec>com_2072_6</setSpec><setSpec>col_2072_452952</setSpec></header><metadata><record xmlns="http://www.loc.gov/MARC21/slim" xmlns:dcterms="http://purl.org/dc/terms/" xmlns:xsi="http://www.w3.org/2001/XMLSchema-instance" xmlns:doc="http://www.lyncode.com/xoai" xsi:schemaLocation="http://www.loc.gov/MARC21/slim http://www.loc.gov/standards/marcxml/schema/MARC21slim.xsd">
   <leader>00925njm 22002777a 4500</leader>
   <datafield ind2=" " ind1=" " tag="042">
      <subfield code="a">dc</subfield>
   </datafield>
   <datafield ind2=" " ind1=" " tag="720">
      <subfield code="a">García Balsas, Marta</subfield>
      <subfield code="e">author</subfield>
   </datafield>
   <datafield ind2=" " ind1=" " tag="720">
      <subfield code="a">López Ferrero, Carmen</subfield>
      <subfield code="e">author</subfield>
   </datafield>
   <datafield ind2=" " ind1=" " tag="260">
      <subfield code="c">2023-07-10T06:55:58Z</subfield>
   </datafield>
   <datafield ind2=" " ind1=" " tag="260">
      <subfield code="c">2023-07-10T06:55:58Z</subfield>
   </datafield>
   <datafield ind2=" " ind1=" " tag="260">
      <subfield code="c">2023</subfield>
   </datafield>
   <datafield ind2=" " ind1=" " tag="520">
      <subfield code="a">The oral debate is a classroom discourse genre commonly used to assess the interactional competence of language learners. Nevertheless, its multidimensional features are often not explicitly spelled out to students, and empirical data related to student performance of this genre has thus far received little attention in the literature. With these two issues in mind, a group of Australian students of Spanish as an Additional Language were audio-recorded as they performed during two oral debates, one a practice session, the other a final debate intended to showcase their oral interaction skills for assessment purposes. Between the two debates, the students received feedback from classmates and their instructor on their preliminary debate performance, and the criteria and indicators of achievement by which their final debate performance would be judged were discussed with them. Transcripts of the two debates were subjected to thematic analysis and the results compared. This comparison revealed improvements in student debate performance, especially in terms of effective turn-requesting and turn-alternation. A second outcome was the elaboration of a revised, more detailed set of criteria for assessing the performance in oral debates of upper intermediate-level students, an instrument which will be useful in any Additional Language context.</subfield>
   </datafield>
   <datafield ind2=" " ind1=" " tag="520">
      <subfield code="a">This paper is framed within the research project Inter_ECODAL: Interculturality and intercomprehension assessing plurilingual discourse competence: digital student feedback literacy (reference PID2020-113796RB-I00/MICINN/AEI/10.13039/501100011033), co-funded by “Research Challenges” R+D+i Projects, Ministry of Science and Innovation (MICINN), Spain, and Spanish State Research Agency (AEI).</subfield>
   </datafield>
   <datafield tag="653" ind2=" " ind1=" ">
      <subfield code="a">discourse competence</subfield>
   </datafield>
   <datafield tag="653" ind2=" " ind1=" ">
      <subfield code="a">language assessment</subfield>
   </datafield>
   <datafield tag="653" ind2=" " ind1=" ">
      <subfield code="a">discourse genre</subfield>
   </datafield>
   <datafield tag="653" ind2=" " ind1=" ">
      <subfield code="a">oral debate</subfield>
   </datafield>
   <datafield tag="653" ind2=" " ind1=" ">
      <subfield code="a">group discussion</subfield>
   </datafield>
   <datafield tag="653" ind2=" " ind1=" ">
      <subfield code="a">Spanish as a foreign Language or additional language</subfield>
   </datafield>
   <datafield ind2="0" ind1="0" tag="245">
      <subfield code="a">Oral debates in Spanish as an additional language classroom: assessment criteria to improve student performance</subfield>
   </datafield>
</record></metadata></record></GetRecord></OAI-PMH>